Catálogo
 En Linea

Lengua Española 5 : (Registro nro. 56543)

Detalles MARC
000 -CABECERA
campo de control de longitud fija 01539nam a2200361 i 4500
003 - IDENTIFICADOR DEL NÚMERO DE CONTROL
campo de control DO-SdBNP
005 - FECHA Y HORA DE LA ÚLTIMA TRANSACCIÓN
campo de control 20240426154420.0
007 - CAMPO FIJO DE DESCRIPCIÓN FÍSICA--INFORMACIÓN GENERAL
campo de control de longitud fija ta
008 - DATOS DE LONGITUD FIJA--INFORMACIÓN GENERAL
campo de control de longitud fija 240426b2019 dr a|||| |||| 00| 0 spa d
020 ## - NÚMERO INTERNACIONAL ESTÁNDAR DEL LIBRO
Número Internacional Estándar del Libro 9789945177459
040 ## - FUENTE DE LA CATALOGACIÓN
Centro catalogador/agencia de origen DO-SdBNP
Lengua de catalogación spa
Centro/agencia transcriptor BNPHU
Normas de descripción rda
082 #4 - NÚMERO DE LA CLASIFICACIÓN DECIMAL DEWEY
Número de edición 22
245 00 - MENCIÓN DE TÍTULO
Título Lengua Española 5 :
Resto del título del proyecto editorial de educación primaria /
Mención de responsabilidad, etc. colaboración, Luz Adames Sirí, Enmanuel Peña, Susana Flores Herrera, Karen Maturana Paz, Jéssica Vargas Arriaga ; edición, Elias Herrera Jerez ; corrección, Katy Alba Rocha Arias ; ilustraciones, Diego Colón, Juan Richard Feliz, Kelvin Díaz, Juan Pablo Feliz, Wi-Hen Fung, Osvaldo Torres.
264 #4 - PRODUCCIÓN, PUBLICACIÓN, DISTRIBUCIÓN, FABRICACIÓN Y COPYRIGHT
Producción, publicación, distribución, fabricación y copyright Santo Domingo :
Nombre del de productor, editor, distribuidor, fabricante S M,
Fecha de producción, publicación, distribución, fabricación o copyright 2019.
300 ## - DESCRIPCIÓN FÍSICA
Extensión 239 páginas :
Otras características físicas Ilustraciones ;
Dimensiones 27 cm.
336 ## - TIPO DE CONTENIDO
Fuente rdacontent
Término de tipo de contenido texto
Código de tipo de contenido txt
337 ## - TIPO DE MEDIO
Fuente rdamedia
Nombre/término del tipo de medio sin mediación
Código del tipo de medio n
338 ## - TIPO DE SOPORTE
Fuente rdacarrier
Nombre/término del tipo de soporte volumen
Código del tipo de soporte nc
490 ## - MENCIÓN DE SERIE
Mención de serie Savia
590 ## - NOTA LOCAL (RLIN)
Nota local Inventariado 2024/BT
700 1# - PUNTO DE ACCESO ADICIONAL--NOMBRE DE PERSONA
Nombre de persona Adames Sirí, Luz,
Término indicativo de función/relación colaboración
9 (RLIN) 85304
700 1# - PUNTO DE ACCESO ADICIONAL--NOMBRE DE PERSONA
Nombre de persona Peña, Enmanuel,
Término indicativo de función/relación colaboración
9 (RLIN) 85305
700 1# - PUNTO DE ACCESO ADICIONAL--NOMBRE DE PERSONA
Nombre de persona Flores Herrera, Susana,
Término indicativo de función/relación colaboración
9 (RLIN) 85306
700 1# - PUNTO DE ACCESO ADICIONAL--NOMBRE DE PERSONA
Nombre de persona Maturana Paz, Karen,
Término indicativo de función/relación colaboración
9 (RLIN) 85307
700 1# - PUNTO DE ACCESO ADICIONAL--NOMBRE DE PERSONA
Nombre de persona Herrera, Jerez,
Término indicativo de función/relación edición
9 (RLIN) 85308
700 1# - PUNTO DE ACCESO ADICIONAL--NOMBRE DE PERSONA
Nombre de persona Rocha Arias, Kary Alba,,
Término indicativo de función/relación corrección
9 (RLIN) 85309
700 1# - PUNTO DE ACCESO ADICIONAL--NOMBRE DE PERSONA
Nombre de persona Fung, Wi-Hen,
Término indicativo de función/relación ilustración
9 (RLIN) 73248
700 1# - PUNTO DE ACCESO ADICIONAL--NOMBRE DE PERSONA
Nombre de persona Colón, Diego,
Término indicativo de función/relación ilustración
9 (RLIN) 6598
700 1# - PUNTO DE ACCESO ADICIONAL--NOMBRE DE PERSONA
Nombre de persona Richard Feliz, Juan,
Término indicativo de función/relación ilustración
9 (RLIN) 85341
700 1# - PUNTO DE ACCESO ADICIONAL--NOMBRE DE PERSONA
Nombre de persona Díaz, Kelvin,
Término indicativo de función/relación ilustración
9 (RLIN) 85347
910 ## - DATOS DE OPCIÓN DEL USUARIO (OCLC)
Datos de opción del usuario BTavárez
942 ## - ELEMENTOS DE PUNTO DE ACCESO ADICIONAL (KOHA)
Fuente del sistema de clasificación o colocación Dewey Decimal Classification
Tipo de ítem Koha Libro
Existencias
Estado de retiro Estado de pérdida Fuente del sistema de clasificación o colocación Restricciones de uso No para préstamo Código de colección Localización permanente Ubicación/localización actual Ubicación en estantería Fecha de adquisición Fuente de adquisición Total de préstamos Signatura topográfica completa Código de barras Fecha visto por última vez Precio válido a partir de Tipo de ítem Koha Número de copia
    Dewey Decimal Classification Excluido de préstamo   Patrimonio Dominicano Biblioteca Nacional Pedro Henríquez Ureña Biblioteca Nacional Pedro Henríquez Ureña En catalogación 26.04.2024 Deposito legal   BNPHU PD 2024-2583 26.04.2024 26.04.2024 Libro  
    Dewey Decimal Classification Excluido de préstamo   Patrimonio Dominicano Biblioteca Nacional Pedro Henríquez Ureña Biblioteca Nacional Pedro Henríquez Ureña En catalogación 26.04.2024 Deposito legal   BNPHU PD 2024-2584 26.04.2024 26.04.2024 Libro e.2
    Dewey Decimal Classification Préstamo en sala   Dominicana de Servicio Biblioteca Nacional Pedro Henríquez Ureña Biblioteca Nacional Pedro Henríquez Ureña En catalogación 26.04.2024 Deposito legal   BNPHU DS 2024-2585 26.04.2024 26.04.2024 Libro e.3

Con tecnología Koha